Estudio de tráfico telefónico en la Central PBX Alcatel 4300 L de la Universidad de Costa Rica, Sede Central.
Enregistré dans:
| Auteur principal: | |
|---|---|
| Format: | Livre |
| Publié: |
[San José, Costa Rica]
1995
|
| Sujets: | |
| Tags: |
Ajouter un tag
Pas de tags, Soyez le premier à ajouter un tag!
|
MARC
| LEADER | 00000nam a2200000Ia 4500 | ||
|---|---|---|---|
| 003 | 007790 | ||
| 005 | 20221231144252.0 | ||
| 008 | 140114s1995 cr a m 000 ||s d | ||
| 040 | |c cru CEDI | ||
| 090 | |a TFG 3364 | ||
| 100 | |a Acón Monge, Manuel |9 10622 | ||
| 245 | |a Estudio de tráfico telefónico en la Central PBX Alcatel 4300 L de la Universidad de Costa Rica, Sede Central. | ||
| 260 | |c 1995 |a [San José, Costa Rica] | ||
| 300 | |a vi, 31, [4]páginas. | ||
| 500 | |a Proyecto de graduación (bachillerato en ingeniería eléctrica) -- Univerrsidad de Costa Rica. Facultad de Ingeniería Eléctrica | ||
| 650 | |x CENTRAL PBX ALCATEL 4300 |x CENTRALES TELEFONICAS |9 10623 | ||
| 942 | |c TFG | ||
| 999 | |c 19342 |d 19342 | ||
